|
|
|
|
| LEADER |
00669cam a2200193 7i4500 |
| 001 |
0000075771 |
| 005 |
20230306090000.0 |
| 090 |
0 |
0 |
|a BP190.5
|b .M38 1998
|
| 100 |
1 |
|
|a Maududi, Abdul A`la
|
| 245 |
1 |
0 |
|a Human rights in Islam
|c Abdul A'la Maududi.
|
| 264 |
|
|
|a Islamabad, Pakistan:
|b Da'wah Academy,
|c 1998.
|
| 300 |
|
|
|a 37 pages;
|c 22 cm.
|
| 336 |
|
|
|a text
|2 rdacontent
|
| 337 |
|
|
|a unmediated
|2 rdamedia
|
| 338 |
|
|
|a volume
|2 rdacarrier
|
| 500 |
|
|
|a Gift: Prof. Dr. Md Sidin bin Ahmad Ishak
|
| 650 |
|
0 |
|a Humam rights --
|x Religious aspects --
|x Islam
|
| 650 |
|
0 |
|a Civil rights --
|x Religious aspects --
|x Islam
|
| 999 |
|
|
|a 0000070630
|b BOK
|c OPEN SHELF
|e 1st Floor, Bestari Jaya
|